000
00295 a2200097 4500
020
_a
9789364878012
100
_a
G. Aravindan
245
_a
Cheriya manushyarum valiya lokavum(ചെറിയ മനുഷ്യരും വലിയ ലോകവും)
260
_b
D C books
_c
2024
942
_c
OO
999
_c
115317
_d
115316